Pays avec la plupart des îles de plus de 1000 km carré - Statistiques

Statistiques générales
  • Ce quiz a été pris 269 fois
  • Le résultat moyen est 15 sur 21
Statistiques - réponses
# pays % Correct
47 Indonésie
95%
5 Japon
94%
21 Etats-Unis
93%
4 France
93%
27 Russie
92%
9 Australie
90%
49 Canada
90%
4 Royaume-Uni
89%
13 Philippines
85%
3 Nouvelle-Zélande
84%
3 Inde
78%
6 Norvège
77%
4 Espagne
74%
4 Danemark
73%
7 Brésil
72%
4 Grèce
71%
15 Chili
69%
8 Papouasie- Nouvelle-Guinée
56%
6 Salomon
29%
5 Bahamas
26%
9 Groenland
11%
Aucun quiz correspondant
Distribution des résultats
% des personnes avec chaque résultat
Percentile par nombre de réponses
Votre historique - résultats
Vous n’avez pas pris ce quiz